BIBLIOTECA

SENCICO

Tipología de la edificación: estructura del espacio antrópico (Registro nro. 2102)

Detalles MARC
000 -LEADER
fixed length control field 00712nam a2200181Ia 4500
005 - DATE AND TIME OF LATEST TRANSACTION
control field 20251020182532.0
008 - FIXED-LENGTH DATA ELEMENTS--GENERAL INFORMATION
fixed length control field 200515s9999 xx 000 0 und d
082 ## - DEWEY DECIMAL CLASSIFICATION NUMBER
Classification number 711.10/C23
100 ## - MAIN ENTRY--PERSONAL NAME
Personal name CANIGGIA, Gianfranco MAFFEI, Gian Luigi
245 #0 - TITLE STATEMENT
Title Tipología de la edificación: estructura del espacio antrópico
260 ## - PUBLICATION, DISTRIBUTION, ETC.
Place of publication, distribution, etc. Madrid
260 ## - PUBLICATION, DISTRIBUTION, ETC.
Date of publication, distribution, etc. 1995
500 ## - GENERAL NOTE
General note 1 ejemplar
520 ## - SUMMARY, ETC.
Summary, etc. Análisis tipológico que parte del conocimiento de los edificios singulares, pero esto representa únicamente la primera etapa de un proceso que afronta los tejidos edificados y después los organismos urbanos, hasta llegar a los urbanismos territoriales: un
650 ## - SUBJECT ADDED ENTRY--TOPICAL TERM
Topical term or geographic name entry element LIB
650 ## - SUBJECT ADDED ENTRY--TOPICAL TERM
Topical term or geographic name entry element URBANISMO
942 ## - ADDED ENTRY ELEMENTS (KOHA)
Koha item type Libros
Existencias
Fecha de la última vez que lo usaron Pago total Signatura topográfica completa Código de barras Precio efectivo desde Tipo de documento Estado perdido Estado dañado No es para préstamo Retirado Ubicación permanente Ubicación actual Fecha de adquisición
15/05/2020   711.10/C23 Bib-Lima15052102 15/05/2020 Libros         Biblioteca Central Lima Biblioteca Central Lima 15/05/2020